[Event "VI World Blitz"]
[Site "Moscow RUS"]
[Date "2010.11.18"]
[Round "35"]
[White "Savchenko, Boris"]
[Black "Carlsen, Magnus"]
[Result "0-1"]
[WhiteElo "2632"]
[BlackElo "2802"]
[PlyCount "72"]
[EventDate "2010.11.16"]
[EventType "blitz"]

1. e4 g6 2. d4 Nf6 3. e5 Nh5 4. Be2 d6 5. exd6 Qxd6 6. Bxh5 gxh5 7. Nc3 Rg8 8.
g3 Bg4 9. f3 Bf5 10. Bf4 Qb6 11. Nge2 Nc6 12. Nd5 Qa5+ 13. Nec3 Rc8 14. a3 Bg7
15. b4 Qa6 16. b5 Qa5 17. bxc6 bxc6 18. Nb4 c5 19. Nbd5 cxd4 20. Qe2 Be6 21.
Bxc7 Qc5 22. Be5 Bxd5 23. Nxd5 Qxd5 24. Bxg7 Rxg7 25. O-O Rg6 26. Rad1 Rc3 27.
Rfe1 Re6 28. Qd2 Rxe1+ 29. Rxe1 e6 30. f4 h4 31. Re5 Qc4 32. gxh4 Rxc2 33. Qa5
Rc1+ 34. Re1 d3 35. Kf2 Qxf4+ 36. Kg2 Rc2+ 0-1

[Event "VI World Blitz"]
[Site "Moscow RUS"]
[Date "2010.11.18"]
[Round "36"]
[White "Carlsen, Magnus"]
[Black "Eljanov, Pavel"]
[Result "1-0"]
[WhiteElo "2802"]
[BlackElo "2742"]
[PlyCount "63"]
[EventDate "2010.11.16"]
[EventType "blitz"]

1. a3 e5 2. c4 Nf6 3. Nc3 g6 4. Nf3 Nc6 5. g3 Bg7 6. Bg2 O-O 7. O-O d6 8. b4
Nd4 9. Bb2 c6 10. d3 Re8 11. Nd2 Be6 12. e3 Nf5 13. Ne2 Nd7 14. e4 Ne7 15. f4
f5 16. Kh1 Kh8 17. Qc2 Qc7 18. Rae1 a5 19. Nf3 axb4 20. axb4 fxe4 21. dxe4 Rf8
22. c5 dxc5 23. bxc5 Ra5 24. fxe5 Rxc5 25. Qd2 Nxe5 26. Nxe5 Rxf1+ 27. Rxf1
Bxe5 28. Qf4 Bc4 29. Rc1 b6 30. Rxc4 Qd6 31. Rxc5 Qd1+ 32. Qf1 1-0

[Event "VI World Blitz"]
[Site "Moscow RUS"]
[Date "2010.11.18"]
[Round "38"]
[White "Carlsen, Magnus"]
[Black "Grischuk, Alexander"]
[Result "1/2-1/2"]
[WhiteElo "2802"]
[BlackElo "2771"]
[PlyCount "86"]
[EventDate "2010.11.16"]
[EventType "blitz"]

1. a3 Nf6 2. f4 g6 3. Nf3 Bg7 4. g3 O-O 5. Bg2 b6 6. d3 d5 7. O-O Bb7 8. Qe1 c5
9. Nbd2 Nc6 10. e4 dxe4 11. dxe4 Nd4 12. Nxd4 Qxd4+ 13. Kh1 Rfd8 14. e5 Bxg2+
15. Kxg2 Qd5+ 16. Nf3 Ne8 17. Be3 Nc7 18. Rd1 Qc6 19. Qe2 Ne6 20. Bf2 b5 21. c3
a5 22. Kg1 c4 23. Rfe1 h5 24. Rd2 Rxd2 25. Nxd2 Rd8 26. Qe4 Qd5 27. Qxd5 Rxd5
28. Ne4 a4 29. Kg2 Kf8 30. Kf3 Rd3+ 31. Be3 f6 32. Nf2 Rd7 33. Ke4 f5+ 34. Kf3
Nc7 35. Bc5 Rd2 36. Re2 Rxe2 37. Kxe2 Nd5 38. Nd1 Ke8 39. Ne3 Nxe3 40. Kxe3 Kd7
41. Kd4 e6 42. h4 Kc6 43. Be7 Bh6 1/2-1/2

[Event "VI World Blitz"]
[Site "Moscow RUS"]
[Date "2010.11.17"]
[Round "17.1"]
[White "Eljanov, Pavel"]
[Black "Carlsen, Magnus"]
[Result "1-0"]
[WhiteElo "2742"]
[BlackElo "2802"]
[PlyCount "48"]
[EventDate "2010.11.16"]
[EventType "blitz"]

1. d4 Nf6 2. c4 e6 3. Nc3 Bb4 4. Qc2 O-O 5. e4 d6 6. a3 Bxc3+ 7. bxc3 e5 8. Bd3
b6 9. Ne2 Ba6 10. O-O Nfd7 11. f4 Nc6 12. Rf3 Na5 13. fxe5 dxe5 14. Ng3 Bxc4
15. Nf5 Kh8 16. Rh3 Bxd3 17. Qxd3 Nb3 18. Qg3 Qf6 19. Bg5 Qg6 20. Ne7 Qxe4 21.
Re1 Qc2 22. dxe5 Rae8 23. Qh4 Ndc5 24. Rf1 Ne6 1-0

[Event "VI World Blitz"]
[Site "Moscow RUS"]
[Date "2010.11.17"]
[Round "19.1"]
[White "Grischuk, Alexander"]
[Black "Carlsen, Magnus"]
[Result "0-1"]
[WhiteElo "2771"]
[BlackElo "2802"]
[PlyCount "84"]
[EventDate "2010.11.16"]
[EventType "blitz"]

1. c4 e5 2. g3 Nf6 3. Bg2 d5 4. cxd5 Nxd5 5. Nf3 Nc6 6. O-O Be7 7. Nc3 Nb6 8.
a3 O-O 9. b4 Re8 10. Bb2 Bf8 11. d3 Nd4 12. e3 Nxf3+ 13. Bxf3 a5 14. b5 a4 15.
Qe2 Bf5 16. Rfd1 Qc8 17. Rac1 Ra5 18. h4 h6 19. Kh2 Be6 20. Rg1 Rd8 21. g4 Be7
22. g5 hxg5 23. hxg5 Bf5 24. Be4 Qe6 25. Rg3 Bxe4 26. Nxe4 Rxb5 27. Kg2 Kf8 28.
Rxc7 Nd5 29. Rc4 Nb6 30. Rc1 Rb3 31. Qh5 Ke8 32. Ba1 Kd7 33. Nc5+ Bxc5 34. Rxc5
Rxd3 35. Bxe5 Rc8 36. Rxc8 Nxc8 37. Bxg7 Rxa3 38. Rf3 Nd6 39. Bf8 Rd3 40. Bxd6
Rxd6 41. Rxf7+ Kc6 42. Qf3+ Qd5 0-1

[Event "VI World Blitz"]
[Site "Moscow RUS"]
[Date "2010.11.17"]
[Round "23.1"]
[White "Movsesian, Sergei"]
[Black "Carlsen, Magnus"]
[Result "1-0"]
[WhiteElo "2721"]
[BlackElo "2802"]
[PlyCount "111"]
[EventDate "2010.11.16"]
[EventType "blitz"]

1. e4 e5 2. Nf3 Nc6 3. Bb5 a6 4. Ba4 Nf6 5. O-O Be7 6. d3 d6 7. c3 O-O 8. h3
Re8 9. Re1 h6 10. Nbd2 Bf8 11. Nf1 Bd7 12. Bc2 Ne7 13. Nh4 g6 14. Qf3 Nc6 15.
Ne3 Bg7 16. Bd2 Be6 17. Bb3 Bxb3 18. axb3 a5 19. Ng4 Nxg4 20. Qxg4 Qc8 21. Qg3
Qe6 22. Ra3 Ra6 23. f4 exf4 24. Bxf4 Ne7 25. Nf3 Rb6 26. d4 Rb5 27. e5 d5 28.
Nd2 c6 29. Rea1 b6 30. Rf1 Nf5 31. Qd3 Ne7 32. Raa1 Qf5 33. Qe2 Qe6 34. Rf2 Kh7
35. Raf1 Ng8 36. Qd1 Re7 37. Nb1 f6 38. Na3 fxe5 39. Bxe5 Bxe5 40. dxe5 Rc5 41.
b4 axb4 42. cxb4 Rc4 43. Nxc4 dxc4 44. Qd6 Qxe5 45. Rf7+ Kh8 46. Qxg6 Rxf7 47.
Rxf7 Qe1+ 48. Kh2 Qe5+ 49. Qg3 Qxb2 50. Rf8 Qg7 51. Qf4 c3 52. Rc8 c5 53. bxc5
b5 54. c6 c2 55. c7 b4 56. Rb8 1-0

[Event "VI World Blitz"]
[Site "Moscow RUS"]
[Date "2010.11.17"]
[Round "28.1"]
[White "Carlsen, Magnus"]
[Black "Karjakin, Sergey"]
[Result "1/2-1/2"]
[WhiteElo "2802"]
[BlackElo "2760"]
[PlyCount "131"]
[EventDate "2010.11.16"]
[EventType "blitz"]

1. e4 e5 2. d4 exd4 3. Nf3 Nc6 4. Nxd4 Nf6 5. Nxc6 bxc6 6. e5 Qe7 7. Qe2 Nd5 8.
c4 Nb6 9. Nc3 Qe6 10. Qe4 Ba6 11. b3 Bb4 12. Bd2 Bxc3 13. Bxc3 d5 14. Qh4 dxc4
15. Rc1 Qg6 16. Bb4 f6 17. Qh3 Bc8 18. Qf3 Nd5 19. Rxc4 Qb1+ 20. Qd1 Qxd1+ 21.
Kxd1 Ba6 22. Rg4 Bxf1 23. Rxf1 f5 24. Rd4 O-O-O 25. Bd2 Rhe8 26. Re1 Kb7 27.
Kc2 c5 28. Rc4 Kb6 29. Rh4 h6 30. Rc4 Re6 31. Re2 Ne7 32. Be3 Rd5 33. f4 a5 34.
Rd2 Rc6 35. Ra4 Kb5 36. g3 Rxd2+ 37. Bxd2 Ra6 38. Rc4 Nd5 39. Kd3 Nb4+ 40. Bxb4
axb4 41. Rc2 Ra8 42. h3 h5 43. Ke3 Kc6 44. Kf3 g6 45. g4 hxg4+ 46. hxg4 Rh8 47.
Kg3 Kd5 48. Re2 Ke6 49. Rc2 Kd5 50. gxf5 gxf5 51. Rh2 Ra8 52. Kf3 c4 53. Rd2+
Kc5 54. bxc4 Kxc4 55. e6 Re8 56. Re2 Kd5 57. Re5+ Kd6 58. Rxf5 Rxe6 59. Rb5 c5
60. Rb6+ Kd5 61. Rxe6 Kxe6 62. Ke4 c4 63. Kd4 b3 64. axb3 cxb3 65. f5+ Kxf5 66.
Kc3 1/2-1/2

[Event "VI World Blitz"]
[Site "Moscow RUS"]
[Date "2010.11.17"]
[Round "26.1"]
[White "Carlsen, Magnus"]
[Black "Caruana, Fabiano"]
[Result "1-0"]
[WhiteElo "2802"]
[BlackElo "2709"]
[PlyCount "58"]
[EventDate "2010.11.16"]
[EventType "blitz"]

1. d4 Nf6 2. Nf3 d5 3. c4 c6 4. Nc3 dxc4 5. a4 Bf5 6. e3 e6 7. Bxc4 Nbd7 8. a5
Bb4 9. Qa4 Qe7 10. O-O O-O 11. Be2 Ne4 12. Qb3 Rab8 13. Rd1 Bd6 14. Nxe4 Bxe4
15. Nd2 Bg6 16. Nc4 Bc7 17. Bd2 Rfd8 18. Bb4 Qg5 19. Bf3 a6 20. h3 Nf6 21. Bc5
Rd7 22. Bb6 Bxb6 23. Qxb6 Nd5 24. Qc5 h6 25. b4 Rdd8 26. Rd2 Bh7 27. Re1 Bg6
28. Kh2 Qf6 29. Ne5 Bh7 1-0

[Event "VI World Blitz"]
[Site "Moscow RUS"]
[Date "2010.11.17"]
[Round "22.1"]
[White "Carlsen, Magnus"]
[Black "Kramnik, Vladimir"]
[Result "1/2-1/2"]
[WhiteElo "2802"]
[BlackElo "2791"]
[PlyCount "61"]
[EventDate "2010.11.16"]
[EventType "blitz"]

1. e4 d6 2. d4 Nf6 3. Nc3 g6 4. Be3 a6 5. a4 Bg7 6. h3 O-O 7. Nf3 Nc6 8. Be2 e5
9. d5 Ne7 10. a5 Ne8 11. h4 f5 12. h5 Nf6 13. hxg6 Nxg6 14. Ng5 Qe7 15. Qd3
fxe4 16. Ncxe4 Nxe4 17. Nxe4 Nf4 18. Bxf4 exf4 19. g4 fxg3 20. Nxg3 Bxb2 21.
Ra4 Be5 22. Kd1 Rf7 23. Rah4 Bd7 24. Bg4 Bxg3 25. Qxg3 Rg7 26. Rxh7 Rxh7 27.
Be6+ Kh8 28. Rxh7+ Kxh7 29. Qh3+ Kg6 30. Qf5+ Kg7 31. Qg4+ 1/2-1/2

[Event "VI World Blitz"]
[Site "Moscow RUS"]
[Date "2010.11.17"]
[Round "16.1"]
[White "Carlsen, Magnus"]
[Black "Savchenko, Boris"]
[Result "0-1"]
[WhiteElo "2802"]
[BlackElo "2632"]
[PlyCount "101"]
[EventDate "2010.11.16"]
[EventType "blitz"]

1. e4 c5 2. Ne2 Nc6 3. d4 cxd4 4. Nxd4 g6 5. c4 Bg7 6. Nc2 Nf6 7. Nc3 d6 8. Be2
O-O 9. O-O Be6 10. Be3 Qa5 11. Rb1 Rfc8 12. f4 Nd7 13. Nd5 Qxa2 14. b4 Qa4 15.
Qd2 Nf6 16. Nc3 Nxe4 17. Nxe4 Bf5 18. Bd3 a5 19. b5 Nb4 20. Nxb4 axb4 21. Rxb4
Qa3 22. Rbb1 Ra4 23. Rfc1 d5 24. Nf2 Bxd3 25. Qxd3 dxc4 26. Qxa3 Rxa3 27. Bb6
f5 28. Kf1 e5 29. fxe5 Bxe5 30. h3 Kf7 31. Rc2 Rb3 32. Rd1 Rxb5 33. Bd4 Bg3 34.
Be3 Re5 35. Bb6 Rc6 36. Rd7+ Re7 37. Rxe7+ Kxe7 38. Ba5 b5 39. Rb2 c3 40. Rc2
Be5 41. Nd1 Kf7 42. Ke2 Rc4 43. Bxc3 b4 44. Kd3 Rxc3+ 45. Nxc3 Bxc3 46. Ra2 h5
47. Ra6 Kg7 48. Kc4 Kh6 49. Rb6 Kg5 50. Kd3 Be1 51. Kd4 0-1

[Event "VI World Blitz"]
[Site "Moscow RUS"]
[Date "2010.11.16"]
[Round "9.1"]
[White "Karjakin, Sergey"]
[Black "Carlsen, Magnus"]
[Result "0-1"]
[WhiteElo "2760"]
[BlackElo "2802"]
[PlyCount "62"]
[EventDate "2010.11.16"]
[EventType "blitz"]

1. e4 e5 2. Nf3 Nc6 3. Bb5 a6 4. Ba4 Nf6 5. O-O Be7 6. Re1 b5 7. Bb3 d6 8. c3
O-O 9. h3 Nb8 10. d4 Nbd7 11. Nbd2 Bb7 12. Bc2 Re8 13. a4 Bf8 14. Bd3 c6 15. b3
Qc7 16. Qc2 Rac8 17. Bb2 Nh5 18. Bf1 Nf4 19. b4 Nb6 20. axb5 cxb5 21. dxe5 dxe5
22. Qb1 Rcd8 23. g3 Ne6 24. h4 Na4 25. Ra3 Rd7 26. Ba1 Red8 27. Qa2 Nb6 28. Bh3
Rd6 29. Qc2 Nd4 30. Qb1 Nxf3+ 31. Nxf3 Rd3 0-1

[Event "VI World Blitz"]
[Site "Moscow RUS"]
[Date "2010.11.16"]
[Round "7.1"]
[White "Caruana, Fabiano"]
[Black "Carlsen, Magnus"]
[Result "0-1"]
[WhiteElo "2709"]
[BlackElo "2802"]
[PlyCount "66"]
[EventDate "2010.11.16"]
[EventType "blitz"]

1. e4 e5 2. Nf3 Nc6 3. Bb5 a6 4. Bxc6 dxc6 5. O-O Ne7 6. Nxe5 Qd4 7. Qh5 g6 8.
Qg5 Bg7 9. Nd3 f5 10. e5 c5 11. b3 Qg4 12. Qxg4 fxg4 13. Nxc5 b6 14. Nd3 Bf5
15. Bb2 Bxd3 16. cxd3 O-O-O 17. Na3 Rxd3 18. Rac1 b5 19. Nc2 Rxd2 20. Bc3 Re2
21. Nd4 Rxa2 22. Ne6 Rg8 23. Ra1 Rxa1 24. Rxa1 Kb7 25. Nc5+ Kc6 26. b4 Ra8 27.
Rxa6+ Rxa6 28. Nxa6 Nd5 29. Bd4 Bf8 30. e6 Nxb4 31. Nb8+ Kd5 32. Nd7 Bd6 33.
Bc5 Kxe6 0-1

[Event "3rd Pearl Spring"]
[Site "Nanjing CHN"]
[Date "2010.10.30"]
[Round "10"]
[White "Carlsen, M."]
[Black "Gashimov, V."]
[Result "1/2-1/2"]
[WhiteElo "2826"]
[BlackElo "2719"]
[PlyCount "142"]
[EventDate "2010.10.20"]

1. e4 e5 2. Nf3 Nf6 3. Nc3 Nc6 4. Bb5 Bb4 5. O-O O-O 6. d3 Bxc3 7. bxc3 d6 8.
Re1 Bd7 9. Rb1 a6 10. Bxc6 Bxc6 11. Bg5 h6 12. Bh4 b6 13. Nd2 g5 14. Bg3 Ne8
15. d4 f6 16. c4 Ng7 17. c3 Qe8 18. f3 Qg6 19. Nf1 g4 20. fxg4 Bxe4 21. Rb2
Rae8 22. Rf2 exd4 23. cxd4 h5 24. gxh5 Nxh5 25. Re3 Bc6 26. Rc3 Re4 27. c5 bxc5
28. dxc5 d5 29. Bxc7 d4 30. Rd3 Rg4 31. Ng3 Re8 32. Rxd4 Rxd4 33. Qxd4 Nxg3 34.
Bxg3 Re1+ 35. Rf1 Rxf1+ 36. Kxf1 Qb1+ 37. Be1 Bb5+ 38. Kf2 Qxa2+ 39. Kg3 Kf7
40. Bc3 Qe6 41. Qf4 Bc6 42. h4 a5 43. Qc7+ Bd7 44. Qf4 a4 45. h5 a3 46. Kh2 a2
47. Qh4 Qe7 48. Qf2 Qe6 49. Qc2 Qf5 50. Qxf5 Bxf5 51. c6 Be4 52. c7 Bf5 53. Kg3
Bc8 54. Kf4 Bb7 55. Ba1 Bc8 56. g3 Bb7 57. g4 Ba6 58. Kg3 Bc8 59. Kh4 Ba6 60.
Bb2 Bb7 61. h6 Kg6 62. h7 Kxh7 63. Kh5 Bc8 64. Bxf6 Kg8 65. Ba1 Kf7 66. g5 Ke8
67. g6 Be6 68. g7 Kd7 69. Be5 a1=B 70. Bxa1 Kxc7 71. g8=Q Bxg8 1/2-1/2

[Event "3rd Pearl Spring"]
[Site "Nanjing CHN"]
[Date "2010.10.29"]
[Round "9"]
[White "Topalov, V."]
[Black "Carlsen, M."]
[Result "0-1"]
[WhiteElo "2803"]
[BlackElo "2826"]
[PlyCount "66"]
[EventDate "2010.10.20"]

1. d4 Nf6 2. c4 e6 3. g3 Bb4+ 4. Bd2 Bxd2+ 5. Qxd2 d5 6. Bg2 c6 7. Nf3 Nbd7 8.
O-O b6 9. Rc1 O-O 10. b4 Bb7 11. Qb2 Rb8 12. Nbd2 Qe7 13. e3 Rfc8 14. Rc2 c5
15. bxc5 bxc5 16. Qa3 Rc6 17. Rac1 Ra6 18. Qd3 h6 19. Qe2 dxc4 20. Qxc4 cxd4
21. Nxd4 Rb6 22. Bxb7 R8xb7 23. Kg2 Ne5 24. Qc5 Qxc5 25. Rxc5 Rb2 26. R1c2 Nd3
27. Rc8+ Kh7 28. N4f3 a5 29. h3 a4 30. a3 g5 31. Rxb2 Rxb2 32. Rc3 Nxf2 33. Rc7
N2e4 0-1

[Event "3rd Pearl Spring"]
[Site "Nanjing CHN"]
[Date "2010.10.26"]
[Round "6"]
[White "Bacrot, E."]
[Black "Carlsen, M."]
[Result "1/2-1/2"]
[WhiteElo "2716"]
[BlackElo "2826"]
[PlyCount "96"]
[EventDate "2010.10.20"]

1. d4 Nf6 2. c4 e6 3. Nf3 b6 4. g3 Ba6 5. Nbd2 d5 6. Bg2 Bd6 7. b3 O-O 8. O-O
c5 9. e4 dxe4 10. Ng5 Nc6 11. dxc5 Bxc5 12. Ndxe4 Qxd1 13. Rxd1 Rad8 14. Rxd8
Rxd8 15. Nxc5 Rd1+ 16. Bf1 bxc5 17. Bb2 Rxa1 18. Bxa1 Nd7 19. f4 Bb7 20. Kf2
Nd8 21. Bd3 f5 22. Nf3 Nf7 23. a3 g6 24. Be2 Kf8 25. b4 Ke7 26. Ke3 Bxf3 27.
Bxf3 Kd6 28. Bg7 Kc7 29. Kd2 Nd6 30. Kd3 Nc8 31. Kc3 Ncb6 32. Bd1 Nc8 33. Bf3
Nd6 34. Kd3 Nc8 35. h4 Nd6 36. Bc3 Nf7 37. h5 Kd6 38. Ke3 Kc7 39. Bg7 Nd6 40.
hxg6 hxg6 41. Kd3 Nf7 42. Bc3 Kd6 43. Ke3 g5 44. Bh5 gxf4+ 45. gxf4 Nd8 46. Be2
Kc7 47. Kd3 Kd6 48. Ke3 Kc7 1/2-1/2

[Event "3rd Pearl Spring"]
[Site "Nanjing CHN"]
[Date "2010.10.23"]
[Round "4"]
[White "Gashimov, V."]
[Black "Carlsen, M."]
[Result "1/2-1/2"]
[WhiteElo "2719"]
[BlackElo "2826"]
[PlyCount "150"]
[EventDate "2010.10.20"]

1. e4 e5 2. Nf3 Nc6 3. Bb5 a6 4. Ba4 Nf6 5. O-O Be7 6. Re1 b5 7. Bb3 d6 8. c3
O-O 9. h3 Nb8 10. d4 Nbd7 11. Nbd2 Bb7 12. Bc2 Re8 13. Nf1 Bf8 14. Bg5 h6 15.
Bh4 Be7 16. Ng3 g6 17. Qd2 Kg7 18. Rad1 Nh7 19. Bxe7 Qxe7 20. dxe5 Nxe5 21. Nd4
Qg5 22. Ngf5+ gxf5 23. f4 Nc4 24. fxg5 Nxd2 25. Nxf5+ Kf8 26. Rxd2 hxg5 27. e5
Nf6 28. Rf1 Rxe5 29. Nxd6 Rd8 30. Rxf6 cxd6 31. Bb3 Rd7 32. Kf2 d5 33. Rf3 Kg7
34. Rfd3 Rd6 35. Bd1 Bc8 36. Bf3 Be6 37. Rd4 Kf6 38. a4 bxa4 39. Rxa4 Rb6 40.
Be2 Bc8 41. Ra2 Bb7 42. Ra4 Re4 43. Ra3 Re5 44. b4 Rc6 45. Rd4 Kg7 46. Bf3 Rf6
47. Rd3 Rf4 48. Ra5 Rc4 49. Rc5 Rxc5 50. bxc5 Re6 51. Rd2 Re7 52. Rb2 Bc8 53.
Bxd5 Re5 54. c4 Be6 55. c6 Bxd5 56. cxd5 Rxd5 57. Rc2 Rd8 58. c7 Rc8 59. Ke3
Kf6 60. g3 a5 61. Kd4 Ke6 62. h4 gxh4 63. gxh4 a4 64. h5 a3 65. h6 a2 66. Rxa2
Rxc7 67. Ra6+ Kf5 68. h7 Rc8 69. Rh6 Rh8 70. Rh1 Kg6 71. Ke5 Re8+ 72. Kf4 Kg7
73. Kf5 Rh8 74. Rg1+ Kf8 75. Rh1 Kg7 1/2-1/2

[Event "3rd Pearl Spring"]
[Site "Nanjing CHN"]
[Date "2010.10.20"]
[Round "1"]
[White "Carlsen, M."]
[Black "Bacrot, E."]
[Result "1-0"]
[WhiteElo "2826"]
[BlackElo "2716"]
[PlyCount "75"]
[EventDate "2010.10.20"]

1. e4 e5 2. Nf3 Nc6 3. d4 exd4 4. Nxd4 Bc5 5. Nb3 Bb6 6. Nc3 Nf6 7. Qe2 O-O 8.
Bg5 h6 9. Bh4 a5 10. a4 Nd4 11. Qd3 Nxb3 12. cxb3 Re8 13. O-O-O d6 14. Qc2 Bd7
15. Bc4 Be6 16. Rhe1 Qe7 17. e5 dxe5 18. Rxe5 Qf8 19. Bxf6 gxf6 20. Re2 Qg7 21.
Bxe6 Rxe6 22. Rxe6 fxe6 23. Rd3 Kh8 24. Rg3 Qh7 25. Qd2 Bc5 26. Ne4 Be7 27. Rh3
Kg7 28. Qd7 Kf7 29. Ng5+ fxg5 30. Rf3+ Kg8 31. Qxe6+ Kh8 32. Rf7 Bd6 33. Rxh7+
Kxh7 34. Qf7+ Kh8 35. g3 Ra6 36. Kb1 Bb4 37. f4 gxf4 38. gxf4 1-0

[Event "39th Olympiad Men"]
[Site "Khanty-Mansiysk RUS"]
[Date "2010.09.30"]
[Round "9"]
[White "Carlsen, Magnus"]
[Black "Sedlak, Nikola"]
[Result "1/2-1/2"]
[WhiteElo "2826"]
[BlackElo "2550"]
[PlyCount "83"]
[EventDate "2010.09.21"]
[EventType "team"]
[WhiteTeam "NOR"]
[BlackTeam "SRB"]

1. e4 e6 2. d4 d5 3. Nc3 Nf6 4. Bg5 dxe4 5. Nxe4 Be7 6. Bxf6 gxf6 7. Nf3 f5 8.
Nc3 a6 9. g3 b5 10. Bg2 Bb7 11. O-O O-O 12. Re1 c5 13. d5 b4 14. Ne2 Bxd5 15.
Nf4 Be4 16. Qc1 Bf6 17. h4 Bxf3 18. Bxf3 Ra7 19. Nh5 Bg7 20. c3 bxc3 21. bxc3
Nd7 22. Qe3 Ne5 23. Be2 Nd7 24. Rab1 h6 25. Bd3 Nf6 26. Nxg7 Kxg7 27. Qxc5 Rc7
28. Qe5 Rc6 29. Bf1 Qc7 30. Qxc7 Rxc7 31. Rb3 Ne4 32. Rc1 a5 33. c4 Rfc8 34.
Rc2 Rc5 35. Rb6 Kf6 36. Rcb2 Ke7 37. Ra6 Nd6 38. Rbb6 Nxc4 39. Rb7+ R8c7 40.
Rxc7+ Rxc7 41. Bxc4 Rxc4 42. Rxa5 1/2-1/2

[Event "39th Olympiad Men"]
[Site "Khanty-Mansiysk RUS"]
[Date "2010.09.28"]
[Round "7"]
[White "Carlsen, Magnus"]
[Black "Sulskis, Sarunas"]
[Result "1-0"]
[WhiteElo "2826"]
[BlackElo "2544"]
[PlyCount "117"]
[EventDate "2010.09.21"]
[EventType "team"]
[WhiteTeam "NOR"]
[BlackTeam "LTU"]

1. e4 e5 2. Nf3 Nc6 3. d4 exd4 4. Nxd4 Nf6 5. Nxc6 bxc6 6. e5 Qe7 7. Qe2 Nd5 8.
c4 Ba6 9. b3 O-O-O 10. g3 Qb4+ 11. Bd2 Qb6 12. Qe4 f5 13. Qxf5 Qd4 14. cxd5
Bxf1 15. Bc3 Bb4 16. Kxf1 Bxc3 17. Nxc3 Qxc3 18. Rd1 Rhf8 19. Qe4 Rde8 20. e6
Kb8 21. Rd3 Qc2 22. Qb4+ Ka8 23. Rd2 Qf5 24. dxc6 Rb8 25. Qc3 Qe4 26. Rg1 dxe6
27. Re2 Qg4 28. Qe3 Qh3+ 29. Rg2 Rbd8 30. Re1 Rd6 31. Qc3 Qg4 32. f4 Rfd8 33.
Rge2 Rd3 34. Qb4 Qf3+ 35. Kg1 Qxc6 36. Rxe6 R3d6 37. Rxd6 cxd6 38. Qe4 d5 39.
Qxh7 Qc3 40. Re2 d4 41. Qe4+ Kb8 42. Qe5+ Ka8 43. Kf2 Qc8 44. Qe4+ Kb8 45. Rc2
Qh3 46. Qe5+ Ka8 47. Kg1 Qh7 48. Qc7 Rh8 49. Qc6+ Kb8 50. Qb5+ Ka8 51. Qd5+ Kb8
52. f5 Qh5 53. Qe5+ Ka8 54. Qe4+ Kb8 55. Qf4+ Ka8 56. g4 Qh4 57. Qxd4 Qe1+ 58.
Kg2 Re8 59. Qf2 1-0

[Event "39th Olympiad Men"]
[Site "Khanty-Mansiysk RUS"]
[Date "2010.09.25"]
[Round "5"]
[White "Carlsen, Magnus"]
[Black "Vallejo Pons, Francisco"]
[Result "1-0"]
[WhiteElo "2826"]
[BlackElo "2697"]
[PlyCount "57"]
[EventDate "2010.09.21"]
[EventType "team"]
[WhiteTeam "NOR"]
[BlackTeam "ESP"]

1. e4 c5 2. Nc3 a6 3. Nge2 d6 4. g3 Nc6 5. Bg2 g6 6. d3 Bg7 7. Be3 Nf6 8. h3
Bd7 9. Qd2 b5 10. Bh6 Bxh6 11. Qxh6 Nd4 12. Nxd4 cxd4 13. Ne2 e5 14. O-O Ng8
15. Qd2 Ne7 16. f4 O-O 17. g4 f6 18. Rf2 Nc6 19. Raf1 Qa5 20. c3 Qxa2 21. g5
fxg5 22. f5 Qf7 23. cxd4 Rae8 24. d5 Nd4 25. Nxd4 exd4 26. f6 g4 27. hxg4 Bxg4
28. Qf4 h5 29. Qxd6 1-0

[Event "39th Olympiad Men"]
[Site "Khanty-Mansiysk RUS"]
[Date "2010.09.24"]
[Round "4"]
[White "Jobava, Baadur"]
[Black "Carlsen, Magnus"]
[Result "1-0"]
[WhiteElo "2710"]
[BlackElo "2826"]
[PlyCount "127"]
[EventDate "2010.09.21"]
[EventType "team"]
[WhiteTeam "GEO"]
[BlackTeam "NOR"]

1. d4 Nf6 2. c4 e6 3. Nc3 Bb4 4. a3 Bxc3+ 5. bxc3 Nc6 6. e4 Nxe4 7. Qg4 f5 8.
Qxg7 Qf6 9. Qxf6 Nxf6 10. Nf3 b6 11. d5 Na5 12. Nd4 Kf7 13. dxe6+ dxe6 14. Bf4
Ba6 15. Nf3 Ne4 16. Ne5+ Kf6 17. f3 Nd6 18. O-O-O Rhd8 19. h4 Nf7 20. Nd7+ Kg7
21. Rh3 Kh8 22. Bg5 Nxg5 23. hxg5 Kg7 24. Rh6 Bxc4 25. Bxc4 Nxc4 26. Rdh1 Rh8
27. f4 c5 28. Rxe6 Rae8 29. Rxh7+ Rxh7 30. Rxe8 Kf7 31. Ra8 Rh1+ 32. Kc2 a5 33.
Ra7 Nxa3+ 34. Kd2 Rh2 35. Nxb6+ Kg6 36. Rxa5 Rxg2+ 37. Kd1 Nb1 38. Rxc5 Nd2 39.
Nd5 Ne4 40. Rc6+ Kf7 41. Ne3 Rg3 42. Ke2 Ke8 43. Re6+ Kf7 44. Re5 Nxc3+ 45. Kf2
Rh3 46. Rxf5+ Kg6 47. Rf6+ Kg7 48. Nf5+ Kg8 49. Kg2 Rd3 50. Rd6 Ne2 51. Rg6+
Kh8 52. Rh6+ Kg8 53. Ne7+ Kf7 54. Ng6 Kg7 55. Kf2 Nc3 56. Ne7 Ne4+ 57. Ke2 Ra3
58. Nf5+ Kg8 59. Re6 Nc3+ 60. Kf3 Nd5+ 61. Kg4 Ra1 62. Re5 Rg1+ 63. Kf3 Rf1+
64. Kg2 1-0

[Event "4th Kings Tournament"]
[Site "Medias ROU"]
[Date "2010.06.24"]
[Round "9"]
[White "Carlsen, Magnus"]
[Black "Nisipeanu, LD."]
[Result "1/2-1/2"]
[WhiteElo "2813"]
[BlackElo "2672"]
[PlyCount "64"]
[EventDate "2010.06.14"]
[WhiteTeam "Egypt"]
[BlackTeam "Norway"]
[WhiteTeamCountry "EGY"]
[BlackTeamCountry "NOR"]

1. e4 e5 2. Nf3 Nc6 3. Bb5 f5 4. Nc3 fxe4 5. Nxe4 d5 6. Nxe5 dxe4 7. Nxc6 Qg5
8. Qe2 Nf6 9. f4 Qxf4 10. Ne5+ c6 11. d4 Qh4+ 12. g3 Qh3 13. Bc4 Be6 14. Bg5
O-O-O 15. O-O-O Bd6 16. Rhf1 Rhe8 17. Bxf6 gxf6 18. Rxf6 Bxe5 19. Rxe6 Rxe6 20.
Bxe6+ Qxe6 21. dxe5 Qh6+ 22. Rd2 Rxd2 23. Qxd2 e3 24. Qe2 Qg5 25. Kd1 Kc7 26.
Qd3 Qh5+ 27. Kc1 Qh6 28. Kd1 Qh5+ 29. Ke1 Qxh2 30. Qd6+ Kc8 31. Qf8+ Kc7 32.
Qe7+ Kc8 1/2-1/2

[Event "4th Kings Tournament"]
[Site "Medias ROU"]
[Date "2010.06.22"]
[Round "8"]
[White "Gelfand, B."]
[Black "Carlsen, Magnus"]
[Result "1/2-1/2"]
[WhiteElo "2741"]
[BlackElo "2813"]
[PlyCount "65"]
[EventDate "2010.06.14"]
[WhiteTeam "Egypt"]
[BlackTeam "Norway"]
[WhiteTeamCountry "EGY"]
[BlackTeamCountry "NOR"]

1. d4 d5 2. c4 e6 3. Nc3 Be7 4. Bf4 Nf6 5. e3 O-O 6. Nf3 Nbd7 7. c5 c6 8. Bd3
b6 9. b4 a5 10. b5 Bb7 11. cxb6 Qxb6 12. O-O Rfc8 13. bxc6 Bxc6 14. Rb1 Qd8 15.
Qe2 Ne4 16. Rfc1 Ndf6 17. Ba6 Ba3 18. Rc2 Rxa6 19. Qxa6 Ba4 20. Nxa4 Rxc2 21.
h3 Bf8 22. Nc5 h6 23. Qa7 Bxc5 24. dxc5 Rxc5 25. Rb8 Rc8 26. Bc7 Qe8 27. Rxc8
Qxc8 28. Bxa5 Qc1+ 29. Be1 Nd2 30. Nxd2 Qxe1+ 31. Nf1 Ne4 32. Qb8+ Kh7 33. Qb2
1/2-1/2

[Event "4th Kings Tournament"]
[Site "Medias ROU"]
[Date "2010.06.19"]
[Round "5"]
[White "Nisipeanu, LD."]
[Black "Carlsen, Magnus"]
[Result "0-1"]
[WhiteElo "2672"]
[BlackElo "2813"]
[PlyCount "61"]
[EventDate "2010.06.14"]
[WhiteTeam "Egypt"]
[BlackTeam "Norway"]
[WhiteTeamCountry "EGY"]
[BlackTeamCountry "NOR"]

1. e4 c5 2. Nf3 d6 3. d4 cxd4 4. Nxd4 Nf6 5. Nc3 g6 6. Be3 Bg7 7. f3 Nc6 8. Qd2
O-O 9. O-O-O d5 10. Kb1 Rb8 11. Ndb5 a6 12. Na7 e6 13. g4 Re8 14. g5 Nh5 15.
Bf2 Bd7 16. exd5 exd5 17. Qxd5 Ne5 18. Qb3 Qxg5 19. Ne4 Qf4 20. Be2 Be6 21. Qa3
Nc4 22. Bxc4 Bxc4 23. Nd6 Bf8 24. Rd4 Qe5 25. Rxc4 Bxd6 26. Qd3 Bf8 27. a4 Rbd8
28. Qb3 Qd5 29. Rc3 Qd2 30. Be3 Qe2 31. Bb6 0-1

[Event "4th Kings Tournament"]
[Site "Medias ROU"]
[Date "2010.06.16"]
[Round "3"]
[White "Carlsen, Magnus"]
[Black "Gelfand, B."]
[Result "1/2-1/2"]
[WhiteElo "2813"]
[BlackElo "2741"]
[PlyCount "80"]
[EventDate "2010.06.14"]
[WhiteTeam "Egypt"]
[BlackTeam "Norway"]
[WhiteTeamCountry "EGY"]
[BlackTeamCountry "NOR"]

1. d4 d5 2. c4 c6 3. Nf3 Nf6 4. Nc3 e6 5. Bg5 h6 6. Bxf6 Qxf6 7. e3 Nd7 8. Bd3
dxc4 9. Bxc4 Bd6 10. Ne4 Bb4+ 11. Nfd2 Qe7 12. O-O O-O 13. f4 c5 14. Nf3 Nb6
15. Bb3 cxd4 16. Nxd4 Bd7 17. Qh5 Rac8 18. Rf3 Nc4 19. Rg3 Kh8 20. Rf1 Nd6 21.
Nxd6 Bxd6 22. Nf3 Rc5 23. Rg5 Rfc8 24. Rxc5 Rxc5 25. Qh4 Qxh4 26. Nxh4 Be7 27.
Nf3 a5 28. Rd1 Be8 29. Nd4 a4 30. Bc2 g6 31. Kf2 e5 32. fxe5 Rxe5 33. Rd3 Rc5
34. Rc3 Rxc3 35. bxc3 Kg7 36. Be4 f5 37. Bxb7 Bf7 38. a3 Bxa3 39. Bc6 Bb2 40.
Bxa4 Bxc3 1/2-1/2